00538cam a2200181ua 4500001000500000005001700005008003900022020001600061040000900077082001200086100003200098245007000130260004500200300001300245653001900258653004800277653003100325598120260515113949.0131030n ii |||gr||||Z||||||eng a19 561955 2 cMAIN a954.035 aSingh,Anita Inder,eAuthor. aOrigins of the Partition of India 1936-1947cby Anita Inder Singh aBombay:bOxford University Press,c1987. axv,265p. aIndian history aOrigins of the Partition of India 1936-1947 aNational movement of India